Catálogo
Digital

Catálogo
Digital

90 Técnicas de relaciones públicas (Record no. 14163)

MARC details
000 -CABECERA
campo de control de longitud fija 02021nam a2200301 4500
003 - IDENTIFICADOR DEL NÚMERO DE CONTROL
campo de control EC-UNACH
005 - FECHA Y HORA DE LA ÚLTIMA TRANSACCIÓN
campo de control 20251107171655.0
006 - CÓDIGOS DE INFORMACIÓN DE LONGITUD FIJA--CARACTERÍSTICAS DEL MATERIAL ADICIONAL
campo de control de longitud fija s||||gr|||| 00| 00
008 - DATOS DE LONGITUD FIJA--INFORMACIÓN GENERAL
campo de control de longitud fija 150116t9999 mx r gr 000 0 spa d
020 ## - NÚMERO INTERNACIONAL ESTÁNDAR DEL LIBRO
Número Internacional Estándar del Libro 978-84-936084-4-6
040 ## - FUENTE DE LA CATALOGACIÓN
Centro catalogador/agencia de origen EC-UNACH
Centro/agencia transcriptor EC-UNACH
041 ## - CÓDIGO DE LENGUA
Código de lengua del texto/banda sonora o título independiente spa
082 04 - NÚMERO DE LA CLASIFICACIÓN DECIMAL DEWEY
Número de edición 23
Número de clasificación 659.2
Número de documento/Ítem L017971
110 ## - ENTRADA PRINCIPAL--NOMBRE DE ENTIDAD CORPORATIVA
Nombre de entidad corporativa o nombre de jurisdicción como elemento de entrada Bresca Editorial
245 ## - MENCIÓN DE TÍTULO
Título 90 Técnicas de relaciones públicas
250 ## - MENCIÓN DE EDICIÓN
Mención de edición Primera edición
264 ## - Producción, publicación, distribución, fabricación y copyright
Lugar de producción, publicación, distribución, fabricación España
Nombre del de productor, editor, distribuidor, fabricante Bresca Editorial
Fecha de de producción, publicación, distribución, fabricación o copyright 2008
300 ## - DESCRIPCIÓN FÍSICA
Extensión 524
505 ## - NOTA DE CONTENIDO CON FORMATO
Nota de contenido con formato 1-Bases conceptuales de relaciones públicas-1.1 Concepto de relaciones públicas 1.2 Definición de relaciones públicas 1.3 Ámbito de actuación de las relaciones públicas 1.4 la función social de las relaciones públicas 1.5 Sujetos que intervienen en las relaciones públicas 1.6 El proceso en las relaciones públicas - - 2-Tecnicas de relaciones públicas 2.1 Técnicas 2.2 Mapa general de técnicas de relaciones públicas Grupo 1 Se dirigen al cliente como individuo Grupo 2 Se dirigen a los medios de comunicación Grupo 3 Facilitan la investigación y la evaluación Grupo 4 Gestionan los conflictos de los clientes con sus públicos Grupo 5 Promueven contenidos para los clientes Grupo 6 Promueven espacios comunicativos a favor del cliente Grupo 7 Promueven publicaciones y materiales a favor del cliente Grupo 8 Actúan atreves de la publicidad Grupo 9 Organizan eventos para públicos externos para el cliente Grupo 10 Organizan eventos par públicos internos del cliente Grupo 11 Organizan actuaciones específicas Grupo 12 Dinamizan la responsabilidad social corporativa del cliente Grupo 13 Dinamizan procesos de cultivación Grupo 14 Generan prescripción a favor del cliente
650 ## - PUNTO DE ACCESO ADICIONAL DE MATERIA--TÉRMINO DE MATERIA
Término de materia o nombre geográfico como elemento inicial DEFINICIÓN DE RELACIONES PUBLICAS
650 ## - PUNTO DE ACCESO ADICIONAL DE MATERIA--TÉRMINO DE MATERIA
Término de materia o nombre geográfico como elemento inicial TECNICAS
650 ## - PUNTO DE ACCESO ADICIONAL DE MATERIA--TÉRMINO DE MATERIA
Término de materia o nombre geográfico como elemento inicial COMUNICACIÓN ESTRATEGICA
700 ## - PUNTO DE ACCESO ADICIONAL--NOMBRE DE PERSONA
Nombre de persona Manuel Palencia - Lefler
942 ## - ELEMENTOS DE PUNTO DE ACCESO ADICIONAL (KOHA)
Fuente del sistema de clasificación o colocación Clasificación Decimal Dewey
Tipo de ítem Koha Libros
999 ## - NÚMEROS DE CONTROL DE SISTEMA (KOHA)
Koha biblionumber 14163
Holdings
Estado de pérdida Fuente del sistema de clasificación o colocación Estado dañado No para préstamo Localización permanente Ubicación/localización actual Ubicación en estantería Fecha de adquisición Fuente de adquisición Número de inventario Total de préstamos Signatura topográfica completa Código de barras Fecha visto por última vez Precio válido a partir de Tipo de ítem Koha Centro de costos
  Clasificación Decimal Dewey     Biblioteca Campus Norte Biblioteca Campus Norte Comunicación 07/11/2025 Transitoria segunda Resolución N°0311-CU-UNACH-SE-ORD-16-09-24 39932922   659.2 PAL L017971 L017971 07/11/2025 07/11/2025 Libros  

Powered by Koha